000 00497nam a2200181Ia 4500
005 20250326123546.0
008 250326s9999 xx 000 0 und d
037 _aTextbook
040 _aFMSL
_beng
_cFMSL
041 _aeng
_2eng
084 _aD658(B) L01
_qFMSL
100 _aWhisler T L
_9735465
245 0 _aImpact of computers on organizations
_cWhisler T L
260 _aNY
_bNY, Praeger
_c1970
300 _a188p
942 _cTB
_hD658(B) L01
999 _c1269911
_d1269911